| 000 | 01240 a2200265 4500 | ||
|---|---|---|---|
| 003 | Nust | ||
| 005 | 20230124095034.0 | ||
| 010 | _a 2005279075 | ||
| 020 | _a0071451439 (pbk. : acid-free paper) | ||
| 040 | _cNust | ||
| 082 | 0 | 0 | _a384.068,SHE |
| 100 | 1 |
_aShepard, Steven. _965350 |
|
| 245 | 1 | 0 |
_aTelecom crash course / _cSteven Shepard. |
| 246 | 1 | _aWi-Fi and WiMAX, digital wireless, softswitch, CDMA vs. GSM | |
| 250 | _a2nd ed. | ||
| 260 |
_aNew York : _bMcGraw-Hill/Osborne, _cc2005 |
||
| 300 |
_axxiv, 504 p. : _bill. ; _c23 cm. |
||
| 505 | _aFirst things first (Page-1), Protocols (Page-43), Telephony (Page-125), The byzantine world of telecom regulation (Page-225), Premises technologies (Page-243), Access Technologies (Page-281), Transport technologies (Page-369), Telecom market segments (Page-453), Final summary (Page-485). | ||
| 650 | 0 |
_aIEEE 802.11 (Standard) _995059 |
|
| 650 | 0 |
_aIEEE 802.16 (Standard) _997106 |
|
| 650 | 0 |
_aTelecommunication _xHistory. _9107508 |
|
| 856 | 4 | 2 |
_3Contributor biographical information _uhttp://www.loc.gov/catdir/enhancements/fy0626/2005279075-b.html |
| 856 | 4 | 2 |
_3Publisher description _uhttp://www.loc.gov/catdir/enhancements/fy0626/2005279075-d.html |
| 942 |
_2ddc _cBK _k384.068,SHE |
||
| 999 |
_c185857 _d185857 |
||